| 000 | 00587nam a22001937a 4500 | ||
|---|---|---|---|
| 999 |
_c17031 _d17031 |
||
| 003 | AR-CdUCM | ||
| 008 | 190507b ||||| |||| 00| 0 spa d | ||
| 040 |
_aMUNICIPALIDAD PROVINCIAL DEL CUSCO _cBIBLIOTECA MUNICIPAL DEL CUSCO |
||
| 082 |
_a794.159 / _bT72 |
||
| 100 |
_aToran, Roman _936845 |
||
| 245 | _aSmyslov, Roman | ||
| 260 |
_aMadrid : _bRicardo Aguilera, _c1957. |
||
| 300 |
_a192 paginas ; _c16 cm. |
||
| 500 | _aLibro de Bibliotecas especializadas sobre autores | ||
| 650 |
_aHistoria _9136 |
||
| 650 |
_aLiteratura _983 |
||
| 942 |
_2ddc _cLIBROS |
||
| 945 |
_apjha _d2019-05-07 |
||